Microbiology : Fundamaentals and applications
Gespeichert in:
| 1. Verfasser: | |
|---|---|
| Format: | Buch |
| Sprache: | Undetermined |
| Veröffentlicht: |
New York
Collier Macmillan publishers
1984
|
| Schlagworte: | |
| Tags: |
Tag hinzufügen
Keine Tags, Fügen Sie den ersten Tag hinzu!
|
| Thư viện lưu trữ: | Trung tâm Học liệu Trường Đại học Cần Thơ |
|---|
| LEADER | 00529nam a2200193Ia 4500 | ||
|---|---|---|---|
| 001 | CTU_192300 | ||
| 008 | 210402s9999 xx 000 0 und d | ||
| 082 | |a 576 | ||
| 082 | |b A881 | ||
| 100 | |a Atlas, Ronald M. | ||
| 245 | 0 | |a Microbiology : | |
| 245 | 0 | |b Fundamaentals and applications | |
| 245 | 0 | |c Ronald M. Atlas | |
| 260 | |a New York | ||
| 260 | |b Collier Macmillan publishers | ||
| 260 | |c 1984 | ||
| 650 | |a Microbiology,Vi sinh học | ||
| 904 | |i Tuyến | ||
| 980 | |a Trung tâm Học liệu Trường Đại học Cần Thơ | ||